02526 a2200169 45000010006000000050017000060080041000230030015000640400040000790800022001192450080001412640053002213000019002745051959002930410008022528560096022604151220260407155708.0260407a2016 arg spa dAR-UNSa-BCEJYS aAR-UNSa-BCEJYSbspacAR-UNSa-BCEJYS a336.22xImpuestos10aRégimen de sinceramiento fiscalpblanqueo, moratoria y reforma tributaria 1aBuenos Aires :bThomson Reuters Checkpointc2016 a160 p.c24 cm. a1. El Régimen de sinceramiento fiscal. Situación externa e interna / Antonio H. Figueroa - 2. El blanqueo ya está en vigencia / Flavia I. Melzi - 3. La fecha de preexistencia como requisito de los bienes o tenencias para entrar en el blanqueo y algunas precisiones sobre el régimen / Humberto P. Diez - 4. Análisis de la ley 27.260 en materia de blanqueo de capitales y sus efectos en la faz tributaria y penal / Germán J. Ruetti y Fernando J. Diez - 5. Breves comentarios sobre los costos reales del Régimen de sinceramiento / Fernando D. García - 6. La Ley de sinceramiento fiscal y los desatinos del pass-on / Darío M. Rajmilovich - 7. El abogado tributarista y su rol frente a la Ley de sinceramiento fiscal / Diego N. Fraga y Eduardo A. Aguilera - 8. Los fondos comunes de inversión como alternativa para evitar el pago del "Impuesto especial" dispuesto por la "Ley de Blanqueo 2016" / Ramiro Salvochea - 9. Aspectos financieros del Régimen de sinceramiento fiscal. Estructura legal integral: ley Nº 27.260, decreto PEN Nº 895/2016, CNV Nº 672, BCRA 6022, AFIP 3919 y 3920 / Fernando J. Luciani - 10. Efectos de la moratoria impositiva en materia de infracciones y delitos tributarios. Condonación de sanciones y extinción de las acciones penales tributarias / Guillermina Gamberg - 11. Régimen excepcional de regularización de obligaciones. Ley Nº 27.260: su reglamentación / Osvaldo Balán y Alberto M. Bello - 12. Algunas consideraciones sobre la ley 27.260 vinculadas a la regularización de obligaciones tributarias y de la seguridad social / Susana S. Accorinti - 13. Régimen de sinceramiento fiscal 2016: beneficios para sujetos cumplidores / Patricia Abelenda - 14. El blanqueo y los impuestos. Su reglamentación / Luis Omar Fernández - 15. Comentarios a la Ley 27.260 de Reparación Histórica en la parte relacionada con los acuerdos transaccionales de los jubilados / Guillermo J. Jáuregui aspa41uhttps://biblioeco.unsa.edu.ar/pmb/images/revistas/E00055.jpgyImagen de portadaqimage/jpeg